Les Codes Pénaux Européens : (Record no. 71591)
[ view plain ]
| 000 -LEADER | |
|---|---|
| fixed length control field | 01048nam a2200289 i 4500 |
| 003 - CONTROL NUMBER IDENTIFIER | |
| control field | EG-GICUC |
| 005 - DATE AND TIME OF LATEST TRANSACTION | |
| control field | 20260422100928.0 |
| 008 - FIXED-LENGTH DATA ELEMENTS--GENERAL INFORMATION | |
| fixed length control field | 260418s1957 fre||||fr|||| 001 0 fre d |
| 040 ## - CATALOGING SOURCE | |
| Original cataloging agency | EG-GiCUC |
| Language of cataloging | fre |
| Transcribing agency | EG-GiCUC |
| Modifying agency | EG-GiCUC |
| Description conventions | Rda |
| 082 04 - DEWEY DECIMAL CLASSIFICATION NUMBER | |
| Edition number | 21 |
| Classification number | 343 |
| Item number | CO |
| 092 04 - LOCALLY ASSIGNED DEWEY CALL NUMBER (OCLC) | |
| Edition number | 21 |
| 099 ## - LOCAL FREE-TEXT CALL NUMBER (OCLC) | |
| Classification number | Law1 10 343 CO 1957 |
| 100 1# - MAIN ENTRY--PERSONAL NAME | |
| Personal name | Ancel , Marc . |
| 245 14 - TITLE STATEMENT | |
| Title | Les Codes Pénaux Européens : |
| Number of part/section of a work | Tome II, |
| Name of part/section of a work | Les Codes Pénaux Européens, |
| -- | Espagne, Finlande, France, Grèce, Hongrie, Islande, Itpille / |
| Statement of responsibility, etc. | Introduction Marc Ancel. |
| 264 ## - PRODUCTION, PUBLICATION, DISTRIBUTION, MANUFACTURE, AND COPYRIGHT NOTICE | |
| Place of production, publication, distribution, manufacture | Paris : |
| Name of producer, publisher, distributor, manufacturer | Publié par le Centre Français de droit comparé, |
| Date of production, publication, distribution, manufacture, or copyright notice | 1957. |
| 300 ## - PHYSICAL DESCRIPTION | |
| Extent | 1013 page : |
| Other physical details | illustration ; |
| Dimensions | 24 cm. |
| 336 ## - CONTENT TYPE | |
| Source | rda contenu |
| Content type term | texte |
| 337 ## - MEDIA TYPE | |
| Source | rda medias |
| Media type term | Ordinateur |
| 338 ## - CARRIER TYPE | |
| Source | transporteur rda |
| Carrier type term | Ressource en ligne |
| 500 ## - GENERAL NOTE | |
| General note | Comprend un index.. |
| 650 1# - SUBJECT ADDED ENTRY--TOPICAL TERM | |
| Topical term or geographic name entry element | Sciences Criminelles . |
| Source of heading or term | qrmak |
| 651 1# - SUBJECT ADDED ENTRY--GEOGRAPHIC NAME | |
| Source of heading or term | qrmak |
| 700 1# - ADDED ENTRY--PERSONAL NAME | |
| Personal name | Ancel, Marc |
| Relator term | Président |
| 856 40 - ELECTRONIC LOCATION AND ACCESS | |
| Uniform Resource Identifier | <a href="https://fll.law.cu.edu.eg/fulltext/bks/B10-09546.pdf">https://fll.law.cu.edu.eg/fulltext/bks/B10-09546.pdf</a> |
| 905 ## - Cataloger and Reviser Names | |
| Cataloger Name: | Marihan Saeed |
| Revisor Name: | Eman |
| 942 ## - ADDED ENTRY ELEMENTS (KOHA) | |
| Source of classification or shelving scheme | Dewey Decimal Classification |
| Koha item type | Books |
| Edition | 21 |
| Suppress in OPAC | No |
| Withdrawn status | Lost status | Source of classification or shelving scheme | Damaged status | Not for loan | Collection | Home library | Current library | Date acquired | Total checkouts | Full call number | Barcode | Date last seen | Copy number | Price effective from | Koha item type |
|---|---|---|---|---|---|---|---|---|---|---|---|---|---|---|---|
| Dewey Decimal Classification | Damaged | Not for loan | القانون الجنائي | جــــامعة القــاهرة | مكتبة كلية الحقوق - المبنى الرئيسي | 18.04.2026 | Law110 343 CO 1957 109546 V2 C1 | B10-09546 | 18.04.2026 | 1 | 18.04.2026 | Books | |||
| Dewey Decimal Classification | القانون الجنائي | جــــامعة القــاهرة | مكتبة كلية الحقوق - المبنى الرئيسي | 22.04.2026 | Law1 10 343 CO 1957 1009537 V2, C2 | B10-09537 | 22.04.2026 | 2 | 22.04.2026 | Books | |||||
| Dewey Decimal Classification | القانون الجنائي | مكتبة كلية الحقوق - فـرع الشيخ زايد | مكتبة كلية الحقوق - فـرع الشيخ زايد | 24.04.2026 | Law2 10 343 CO 1957 1009565 V2, C3 | B10-09565 | 24.04.2026 | 3 | 24.04.2026 | Books |